| 000 | 00727pam a2200241 a 4500 | ||
|---|---|---|---|
| 001 | 532982 | ||
| 003 | NUST - PNEC | ||
| 005 | 20170116181032.0 | ||
| 008 | 870618s1988 nyua b 001 0 eng | ||
| 010 | _a 87017318 | ||
| 020 | _a0070535701 : | ||
| 040 | _cLIBRARY | ||
| 082 | 0 | 0 | _a621.384136 ROH |
| 100 | 1 | _aRohde, Ulrich L. | |
| 245 | 1 | 0 |
_aCommunications receivers : _bprinciples and design / _cUlrich L. Rohde, T.T.N. Bucher. |
| 260 |
_aNew York : _bMcGraw-Hill, _cc1988. |
||
| 300 |
_axii, 583 p. : _bill. ; _c24 cm. |
||
| 504 | _aIncludes bibliographies and index. | ||
| 650 | 0 |
_aRadio _xEL |
|
| 700 | 1 |
_aBucher, T. T. N. _q(T. T. Nelson) |
|
| 906 |
_a7 _bcbc _corignew _d1 _eocip _f19 _gy-gencatlg |
||
| 942 |
_2ddc _cBK |
||
| 999 |
_c67785 _d67785 |
||